| 000 | 00000nam 2200000za 4500 |
| 001 | 9.822388 |
| 003 | CaOODSP |
| 005 | 20221107143654 |
| 007 | cr ||||||||||| |
| 008 | 160810s1989 onc|||||o f|0| 0 fre d |
| 040 | |aCaOODSP|bfre |
| 043 | |an-cn--- |
| 086 | 1 |aE100-2/1-89-1807-01F-PDF |
| 110 | 1 |aCanada.|bSecrétariat binational. |
| 245 | 10|aDans l'affaire de l'obligation du Canada en matière de débarquement du saumon et du hareng de la côte du pacifique |h[ressource électronique] : |brapport final du Groupe spécial. |
| 246 | 30|aL'obligation du Canada en matière de débarquement du saumon et du hareng de la côte du pacifique |
| 260 | |aOttawa : |b[Secrétariat binational, Accord de libre-échange Canada et États-Unis], |c1989. |
| 300 | |aEn pagination multiple. |
| 500 | |aLe 16 octobre 1989. |
| 500 | |aPublié aussi en anglais sous le titre : In the matter of Canada's landing requirement for Pacific coast salmon and herring: final report of the panel. |
| 504 | |aComprend des références bibliographiques. |
| 692 | 07|2gccst|aPêcheries |
| 692 | 07|2gccst|aLibre-échange |
| 692 | 07|2gccst|aCommerce extérieur |
| 775 | 08|tIn the matter of Canada's landing requirement for Pacific coast salmon and herring |w(CaOODSP)9.822383 |
| 856 | 40|qPDF|s5.07 Mo|uhttps://publications.gc.ca/collections/collection_2016/alena-sec-nafta/E100-2-1-89-1807-01-fra.pdf |
| 986 | |aCDA-89-1807-01 |